Les pièces de Shakespeare avec indices - Statistiques

Statistiques générales
  • Ce quiz a été pris 118 fois
  • Le résultat moyen est 17 sur 36
Statistiques - réponses
Hint Réponse % Correct
Tragédies 1597 Roméo et {Juliette}
98%
Comédies 1594 Le {songe} d'une nuit d'été
86%
Comédies 1601 Tout est bien qui finit {bien}
86%
Pièces historiques 1597 {Henri} IV
80%
Pièces historiques 1599 {Henri} V
80%
Pièces historiques 1588 {Henri} VI
80%
Pièces historiques 1613 {Henri} VIII
80%
Tragédies 1603 Le roi {Lear}
79%
Tragédies 1603 {Hamlet}
78%
Tragédies 1599 Jules {César}
73%
Comédies 1598 Beaucoup de {bruit} pour rien
71%
Pièces historiques 1595 {Richard} II
68%
Pièces historiques 1591 {Richard} III
68%
Comédies 1599 {Comme} il vous plairat
67%
Tragédies 1587 {Macbeth}
66%
Tragédies 1603 {Othello}
60%
Tragédies 1606 Antoine et {Cléopâtre}
57%
Comédies 1596 Le {marchand} de Venise
52%
Comédies 1594 La mégère {apprivoisée}
51%
Comédies 1602 La nuit des {rois}
48%
Comédies 1610 La {Tempête}
36%
Tragédies 1594 Titus {Andronicus}
32%
Comédies 1610 Le {conte} d'hiver
30%
Comédies 1603 {Mesure} pour mesure
28%
Pièces historiques 1596 {Edouard} III
26%
Pièces historiques 1898 Le roi {Jean}
24%
Comédies 1597 Les joyeuses {commères} de Windsor
24%
Comédies 1590 Les deux {gentilshommes} de Vérone
16%
Comédies 1606 Périclès, prince de {Tyr}
16%
Tragédies 1602 Troïlus et {Cressida}
16%
Comédies 1592 La comédie des {erreurs}
14%
Tragédies 1607 {Timon} d'Athènes
14%
Tragédies 1607 {Coriolan}
13%
Comédies 1595 Peines d'amour {perdues}
13%
Comédies 1613 Les deux nobles {cousins}
7%
Tragédies 1611 {Cymbeline}
4%
Aucun quiz correspondant
Distribution des résultats
% des personnes avec chaque résultat
Percentile par nombre de réponses
Votre historique - résultats
Vous n’avez pas pris ce quiz